[Event "CZE-chT2e 0607"]
[Site "Czech Republic"]
[Date "2007.03.03"]
[Round "9.6"]
[White "Svoboda, Rostislav"]
[Black "Zboril, Tomas"]
[Result "1-0"]
[WhiteElo "2071"]
[BlackElo "2043"]
[PlyCount "41"]
[EventDate "2006.10.15"]
[EventType "team"]
[EventRounds "11"]
[EventCountry "CZE"]
[SourceTitle "EXT 2009"]
[Source "ChessBase"]
[SourceDate "2008.11.26"]
[SourceVersion "1"]
[SourceVersionDate "2008.11.26"]
[SourceQuality "1"]

1. d4 Nf6 2. c4 c5 3. d5 e6 4. Nc3 exd5 5. cxd5 d6 6. e4 g6 7. h3 Bg7 8. Nf3 0-0 9. Bd3 b5 10. Nxb5 Nxe4 11. Bxe4 Re8 12. Ng5 h6 13. Ne6 Qa5+ 14. Nc3 fxe6 15. 0-0 e5 16. Bxg6 Rf8 17. Qh5 Nd7 18. Ne4 Nf6 19. Nxf6+ Rxf6 20. Bxh6 Qc7 21. Bg5 1-0

[Event "CZE-chT2e 0607"]
[Site "Czech Republic"]
[Date "2006.11.19"]
[Round "3.8"]
[White "Petrik, Petr"]
[Black "Svoboda, Rostislav"]
[Result "1-0"]
[WhiteElo "1739"]
[BlackElo "2071"]
[PlyCount "63"]
[EventDate "2006.10.15"]
[EventType "team"]
[EventRounds "11"]
[EventCountry "CZE"]
[SourceTitle "EXT 2009"]
[Source "ChessBase"]
[SourceDate "2008.11.26"]
[SourceVersion "1"]
[SourceVersionDate "2008.11.26"]
[SourceQuality "1"]

1. e4 c5 2. Nf3 Nc6 3. d4 cxd4 4. Nxd4 Nf6 5. Nc3 e5 6. Ndb5 d6 7. Bg5 a6 8. Na3 b5 9. Bxf6 gxf6 10. Nd5 Bg7 11. c3 0-0 12. Qh5 Be6 13. Bd3 Rb8 14. Nc2 a5 15. a3 f5 16. exf5 Bxd5 17. f6 e4 18. fxg7 Re8 19. Qxd5 Re5 20. Qxc6 Rb6 21. Bxb5 Rxc6 22. Bxc6 Qb6 23. Ba4 Qxb2 24. 0-0 Qxc3 25. Rac1 Rh5 26. Rfd1 Qe5 27. h3 Qxg7 28. Rxd6 Qg5 29. Ne3 Rxh3 30. Rc8+ Kg7 31. Rd5 Qg6 32. Nf5+ 1-0

[Event "CZE-chT2e 0506"]
[Site "Czech Republic"]
[Date "2006.04.09"]
[Round "11.8"]
[White "Hrabal, Michal"]
[Black "Svoboda, Rostislav"]
[Result "0-1"]
[WhiteElo "1849"]
[BlackElo "2043"]
[PlyCount "88"]
[EventDate "2005.10.16"]
[EventType "team"]
[EventRounds "11"]
[EventCountry "CZE"]
[SourceTitle "EXT 2008"]
[Source "ChessBase"]
[SourceDate "2007.11.25"]
[SourceVersion "1"]
[SourceVersionDate "2007.11.25"]
[SourceQuality "1"]

1. e4 c5 2. f4 d6 3. Nf3 Nc6 4. Bc4 e6 5. Nc3 g6 6. 0-0 Bg7 7. d3 Nge7 8. f5 gxf5 9. exf5 Nxf5 10. Ng5 Bd4+ 11. Kh1 Ne5 12. Qh5 Ng7 13. Qe2 0-0 14. Qe4 f5 15. Qh4 h5 16. Ne2 Ng6 17. Qh3 Bf6 18. Nf3 d5 19. Bb3 e5 20. Qg3 Kh7 21. c3 f4 22. Qf2 b6 23. Bc2 Bf5 24. g3 e4 25. dxe4 dxe4 26. Nxf4 Nxf4 27. Nh4 Bxh4 28. Qxf4 Qd5 29. Qh6+ Kg8 30. Be3 Be7 31. Rad1 Qe6 32. Rxf5 Rxf5 33. Qxe6+ Nxe6 34. Bxe4 Re5 35. Bxa8 Rxe3 36. Bd5 Kf7 37. Bc4 Kf6 38. Rd7 a6 39. Bxa6 Ng5 40. Rb7 Re6 41. Bc4 Rd6 42. b4 Ne4 43. bxc5 Nxc5 44. Kg2 Nxb7 0-1

[Event "Brno op"]
[Site "Brno"]
[Date "2005.07.08"]
[Round "7"]
[White "Svoboda, Rostislav"]
[Black "Heyl, Thomas"]
[Result "0-1"]
[WhiteElo "2089"]
[BlackElo "2070"]
[PlyCount "80"]
[EventDate "2005.07.02"]
[EventType "swiss"]
[EventRounds "7"]
[EventCountry "CZE"]
[SourceTitle "EXT 2006"]
[Source "ChessBase"]
[SourceDate "2005.11.24"]
[SourceVersion "1"]
[SourceVersionDate "2005.11.24"]
[SourceQuality "1"]

1. d4 d5 2. Nf3 Nf6 3. c4 e6 4. Bg5 Nbd7 5. Nc3 Bb4 6. e3 c5 7. cxd5 exd5 8. Bd3 Qa5 9. Qc2 c4 10. Bf5 0-0 11. 0-0 Re8 12. Nd2 Bxc3 13. bxc3 g6 14. Bxd7 Nxd7 15. Bf4 Nf6 16. e4 Nxe4 17. Nxe4 dxe4 18. Rfe1 Qf5 19. Qd2 Bd7 20. h3 Bc6 21. g4 Qf6 22. Qe3 Qe6 23. g5 f6 24. gxf6 Qxf6 25. Qg3 Rf8 26. Be5 Qf5 27. Re3 Rf7 28. Rb1 Qe6 29. Qg4 Qxg4+ 30. hxg4 Raf8 31. Rb2 Rf3 32. Rbe2 Bd5 33. Rxf3 Rxf3 34. Re3 h5 35. Rxf3 exf3 36. gxh5 gxh5 37. Kh2 Kf7 38. Kg3 Ke6 39. Kh4 Kf5 40. Kxh5 Ke4 0-1